Farrelly Brothers Movies - Director's Filmography - Statistics

General Stats
  • This quiz has been taken 7 times
    2 since last reset
  • The average score is 9 of 22
Answer Stats
Year Movie Director Writer Producer % Correct
1994 Dumb and Dumber Yes Yes Yes
100%
2018 Green Book Peter Peter Peter
100%
1996 Kingpin Yes Revision No
100%
2000 Me, Myself and Irene Yes Yes Yes
100%
2003 Stuck on You Yes Yes Yes
100%
2007 The Heartbreak Kid Yes Yes No
100%
1998 There's Something About Mary Yes Yes No
100%
2014 Dumb and Dumber To Yes Yes Yes
50%
2011 Hall Pass Yes Yes Yes
50%
2001 Osmosis Jones Yes No Yes
50%
2001 Shallow Hal Yes Yes Yes
50%
2026 Balls Up Peter No No
0%
2023 Champions Bobby No No
0%
2024 Dear Santa Bobby Peter Yes
0%
2026 Driver's Ed Bobby No No
0%
2005 Fever Pitch Yes No No
0%
2026 I Play Rocky Peter No Peter
0%
2013 Movie 43 Peter No Peter
0%
1999 Outside Providence No Yes Yes
0%
2024 Ricky Stanicky Peter Peter No
0%
2022 The Greatest Beer Run Ever Peter Peter Peter
0%
2012 The Three Stooges Yes Yes Yes
0%
No matching quizzes found
Score Distribution
Percent of People with Each Score
Percentile by Number Answered
Your Score History
You have not taken this quiz since the last reset